Statistics for Top 100 Colleges with Most MLB Draft Picks

Click here to take the quiz!

General Stats

  • This quiz has been taken 273 times
    (123 since last reset)
  • The average score is 46 of 100

Answer Stats

#CollegePicks% Correct
18Florida252
92%
3Texas370
90%
17LSU256
89%
41Alabama184
86%
6UCLA321
85%
33Michigan198
84%
25North Carolina222
84%
4USC356
84%
11Arizona285
83%
12Florida State282
83%
T66Ohio State140
83%
49Georgia174
82%
36Tennessee191
82%
21South Carolina235
81%
54Washington170
80%
35Oregon State192
79%
T47Kentucky175
78%
8Miami301
78%
9Oklahoma299
78%
28Ole Miss214
78%
2Arizona State469
77%
T47Texas Tech175
77%
30Vanderbilt211
77%
T70Michigan State137
74%
14Clemson274
73%
10Oklahoma State293
73%
15Arkansas264
72%
13Texas A&M278
72%
T83Kansas130
71%
29Auburn213
70%
45Missouri179
69%
60Virginia151
69%
99Indiana118
68%
5Stanford328
68%
T42Washington State183
68%
26Georgia Tech221
66%
24Mississippi State225
66%
T80Wake Forest131
65%
T89Louisville127
64%
39North Carolina State186
64%
T80Notre Dame131
64%
44TCU180
64%
53Minnesota172
63%
37Nebraska190
63%
91Illinois125
62%
T58Baylor153
59%
T83San Diego130
58%
T87Maryland129
56%
79BYU132
55%
22San Diego State234
53%
56Houston160
52%
T76UNLV134
52%
20California237
51%
T92Connecticut123
50%
T96Nevada121
49%
T83UCF130
49%
T92Louisiana123
48%
31Rice202
46%
T80Tulane131
40%
7Cal State Fullerton320
38%
19Fresno State246
36%
95Hawaii122
36%
46Pepperdine176
32%
T74St. John's136
28%
34Wichita State196
28%
T89East Carolina127
27%
T50Santa Clara173
25%
T70South Florida137
25%
40UC Santa Barbara185
24%
23Long Beach State232
23%
68UC Riverside139
22%
78Seton Hall133
21%
61Cal Poly149
19%
T63Florida International144
16%
T92Loyola Marymount123
15%
98Missouri State120
15%
T63South Alabama144
14%
T70Southern Illinois137
11%
62Dallas Baptist145
9%
1Miami Dade475
7%
65Florida Southern141
6%
27San Jacinto220
5%
T87Blinn129
4%
T50Central Arizona173
4%
55Gulf Coast CC168
4%
38Chipola187
3%
T50Indian River CC173
3%
T42Seminole Florida183
3%
32State College of Florida201
3%
57Cerritos157
2%
T96Chabot College121
2%
100Cypress College117
2%
T58Fresno City153
2%
T76Fullerton College134
2%
69Lewis-Clark Idaho138
2%
T66Mesa CC140
2%
T83Mount San Antonio College130
2%
T70Orange Coast College137
2%
16Sacramento City261
2%
T74Yavapai College136
2%

Score Distribution

Percentile by Number Answered

Percent of People with Each Score

Your Score History

You have not taken this quiz since the last reset